| 000 | 00408nam a2200133Ia 4500 | ||
|---|---|---|---|
| 008 | 170516s9999 xx 000 0 und d | ||
| 245 | _aROS-Responsive Activatable Photosensitizing Agent for Imaging and Photodynamic Therapy of Activated Macrophages | ||
| 260 | _bTheranostics | ||
| 260 | _c2014 | ||
| 300 | _a4:1 | ||
| 650 | _xMedical Technology | ||
| 650 | _xMedtech | ||
| 856 | _uhttp://www.thno.org/v4i1 | ||
| 999 |
_c330732 _d330732 |
||